| 000 | 00756nam a22001937a 4500 | ||
|---|---|---|---|
| 999 |
_c16791 _d16791 |
||
| 003 | AR-CdUCM | ||
| 008 | 190506b ||||| |||| 00| 0 sap d | ||
| 040 |
_aMUNICIPALIDAD PROVINCIAL DEL CUSCO _cBIBLIOTECA MUNICIPAL DEL CUSCO |
||
| 082 |
_a190 / _bR81 |
||
| 100 |
_aRomero, Francisco. _910711 |
||
| 245 | _aFilosofía de ayer y de hoy / | ||
| 260 |
_aBuenos Aires : _bArgos., _c1947. |
||
| 300 |
_a245 páginas ; _c20 cm. |
||
| 440 |
_aBiblioteca Argos. _936457 |
||
| 505 | _aContenido :Dos palabras de introducción -- Sobre la razón y el racionalismo -- Escepticismo y relativismo -- Presencia de Ortega -- Tiempo y destiempo de Alejandro Korn ... | ||
| 650 |
_aTendencias contemporáneas. _936458 |
||
| 942 |
_2ddc _cLIBROS |
||
| 945 |
_arum _d2019-05-06 |
||